[Event "Regionalliga SW 0001"]
[Site "Bayern"]
[Date "2001.02.18"]
[Round "6.8"]
[White "Celepsoy, Korel"]
[Black "Wiest, Franz"]
[Result "1-0"]
[WhiteElo "1740"]
[BlackElo "1990"]
[PlyCount "77"]
[EventDate "2000.10.15"]
[EventType "team-tourn"]
[EventRounds "9"]
[EventCountry "GER"]
[SourceTitle "EXT 2020"]
[Source "ChessBase"]
[SourceDate "2019.10.17"]
[SourceVersion "1"]
[SourceVersionDate "2019.10.17"]
[SourceQuality "1"]
[WhiteTeam "Pasing II"]
[BlackTeam "Lauingen"]
[WhiteTeamCountry "GER"]
[BlackTeamCountry "GER"]

1. e4 d6 2. d4 Nf6 3. Nc3 g6 4. f3 Bg7 5. Be3 0-0 6. Qd2 e5 7. dxe5 dxe5 8. Qxd8 Rxd8 9. Nb5 Ne8 10. Nxa7 Be6 11. Nb5 Nc6 12. a3 Nd4 13. 0-0-0 Nxb5 14. Rxd8 Rxd8 15. Bxb5 Nd6 16. Bd3 Nc4 17. Bxc4 Bxc4 18. Nh3 f5 19. Nf2 Kf7 20. Rd1 Bf6 21. Rxd8 Bxd8 22. f4 exf4 23. Bxf4 fxe4 24. Kd2 Bd5 25. Ke3 c6 26. Nxe4 Be7 27. Kd4 b5 28. g3 Bxe4 29. Kxe4 Ke6 30. c4 bxc4 31. Be5 c5 32. a4 Bd8 33. Bc3 Bc7 34. a5 Bd8 35. Kf4 h6 36. a6 g5+ 37. Ke4 Bb6 38. h3 Ba7 39. Bd2 1-0

[Event "Regionalliga SW 9900"]
[Site "Bayern"]
[Date "2000.??.??"]
[Round "8.8"]
[White "Wiest, Franz"]
[Black "Heinrich, Helmut1111"]
[Result "1/2-1/2"]
[WhiteElo "1970"]
[BlackElo "1985"]
[PlyCount "86"]
[EventDate "1999.??.??"]
[EventType "team-tourn"]
[EventRounds "9"]
[EventCountry "GER"]
[SourceTitle "EXT 2020"]
[Source "ChessBase"]
[SourceDate "2019.10.17"]
[SourceVersion "1"]
[SourceVersionDate "2019.10.17"]
[SourceQuality "1"]
[WhiteTeam "Lauingen"]
[BlackTeam "Klosterlechfeld"]
[WhiteTeamCountry "GER"]
[BlackTeamCountry "GER"]

1. e4 Nf6 2. e5 Nd5 3. d4 d6 4. c4 Nb6 5. f4 dxe5 6. fxe5 Nc6 7. Be3 Bf5 8. Nc3 e6 9. Nf3 Be7 10. Be2 Bh4+ 11. Nxh4 Qxh4+ 12. Bf2 Qe7 13. c5 Nc8 14. Bf3 Qd7 15. Bxc6 bxc6 16. Qf3 Ne7 17. Rd1 Rb8 18. Rd2 h5 19. h3 Nd5 20. g4 Bg6 21. Nxd5 exd5 22. Rg1 hxg4 23. hxg4 Be4 24. Qf4 Qe6 25. Bg3 Kd7 26. Rf2 Bg6 27. Qg5 Rb4 28. Rd2 Rc4 29. Kd1 Rb8 30. Bh4 Qe8 31. Qe3 Qh8 32. Be1 Qh7 33. b3 Rc2 34. Rxc2 Bxc2+ 35. Kc1 Bb1 36. Qf2 Qg6 37. Bc3 Rh8 38. Kb2 Be4 39. Rf1 Ke6 40. Bd2 Rh3 41. Qf4 Bg2 42. Qf5+ Qxf5 43. gxf5+ Kd7 1/2-1/2

[Event "Regionalliga SW 9697"]
[Site "Bayern"]
[Date "1996.??.??"]
[Round "?"]
[White "Albert, Thomas"]
[Black "Wiest, Franz"]
[Result "1-0"]
[WhiteElo "2125"]
[BlackElo "2030"]
[PlyCount "67"]
[EventDate "1996.10.??"]
[EventType "team-tourn"]
[EventRounds "9"]
[EventCountry "GER"]
[SourceTitle "EXT 1999"]
[Source "ChessBase"]
[SourceDate "1998.11.16"]
[SourceVersion "1"]
[SourceVersionDate "1998.11.16"]
[SourceQuality "1"]
[WhiteTeam "Pasing II"]
[BlackTeam "Lauingen"]
[WhiteTeamCountry "GER"]
[BlackTeamCountry "GER"]

1. e4 c5 2. Nf3 d6 3. c3 Nf6 4. Bb5+ Bd7 5. Bxd7+ Qxd7 6. d3 g6 7. 0-0 Nc6 8. Re1 Bg7 9. d4 Rd8 10. Bg5 0-0 11. Qd2 e5 12. d5 Ne7 13. h3 Kh8 14. Nh2 Nfg8 15. b4 b6 16. a4 f6 17. Be3 f5 18. f3 Rc8 19. a5 Nf6 20. axb6 axb6 21. Qd3 Ra8 22. Nd2 Ra4 23. Rxa4 Qxa4 24. Nc4 fxe4 25. fxe4 Nc8 26. bxc5 bxc5 27. Rf1 Nh5 28. Rxf8+ Bxf8 29. Qf1 Kg8 30. Nd2 Ng3 31. Qf6 Qd1+ 32. Nhf1 Nb6 33. Bg5 Nh5 34. Qd8 1-0

[Event "Regionalliga SW 9495"]
[Site "Bayern"]
[Date "1995.??.??"]
[Round "?.6"]
[White "Wiest, Franz"]
[Black "Rein, Robert"]
[Result "1-0"]
[WhiteElo "2000"]
[BlackElo "1880"]
[PlyCount "41"]
[EventDate "1994.10.??"]
[EventType "team-tourn"]
[EventRounds "9"]
[EventCountry "GER"]
[SourceTitle "EXT 1999"]
[Source "ChessBase"]
[SourceDate "1998.11.16"]
[SourceVersion "1"]
[SourceVersionDate "1998.11.16"]
[SourceQuality "1"]
[WhiteTeam "Lauingen"]
[BlackTeam "Obermenzing"]
[WhiteTeamCountry "GER"]
[BlackTeamCountry "GER"]

1. e4 c6 2. d4 d5 3. e5 c5 4. c3 Nc6 5. Nf3 e6 6. Be2 Nge7 7. a3 Ng6 8. 0-0 Be7 9. b4 cxd4 10. cxd4 0-0 11. Nbd2 f6 12. exf6 Bxf6 13. Nb3 e5 14. dxe5 Ngxe5 15. Ra2 Nc4 16. b5 N6e5 17. Nxe5 Bxe5 18. Bf3 Be6 19. Re1 Qd6 20. h3 Bc3 21. Rxe6 1-0